| 000 | 00782 a2200265 4500 | ||
|---|---|---|---|
| 999 |
_c160354 _d26560 |
||
| 001 | 160354 | ||
| 003 | TR-AnTOB | ||
| 005 | 20220912103821.0 | ||
| 008 | 120725s1998 tr 000 0 | ||
| 040 |
_aTR-AnTOB _cTR-AnTOB |
||
| 041 | _atur | ||
| 050 | 1 | 4 |
_aKJE4443.319575 _bA97 1998 |
| 090 | _aKJE4443.319575 A97 1998 | ||
| 245 | 0 |
_aAvrupa Ekonomik Topluluğunu kuran antlaşma (Roma Antlaşması) / _cçev., derl. H. Günuğur. |
|
| 264 | 1 |
_aAnkara : _bBariscan yayincilik, _c1998. |
|
| 300 |
_a315p. ; _c24cm. |
||
| 610 | 2 | 0 |
_aEuropean Economic Community _945236 |
| 610 | 0 |
_aCommission of the European Communities _981491 |
|
| 700 | 1 |
_aGünuğur, Haluk _940910 |
|
| 902 | _aT000438 | ||
| 903 | _aTOOB Özel Koleksiyonu. | ||
| 942 |
_cBK _2lcc |
||
| 945 | _aMÇ, 27.05.2008. | ||